| 000 | 00619nab#a2200217#c#4500 | ||
|---|---|---|---|
| 999 |
_c87734 _d87734 |
||
| 003 | IEF | ||
| 005 | 20191211120519.0 | ||
| 008 | 950704s1975 uuu|| #####0 b| |u | ||
| 040 |
_aIEF _cES-MaIEF |
||
| 100 | 1 |
_aAlbi Ibáñez, Emilio _9257 |
|
| 245 |
_aImpuesto sobre el Patrimonio Neto _bUn proyecto laborista _c Emilio Albi |
||
| 260 | _c1975 | ||
| 500 | _aConclusiones;bibliografía | ||
| 650 | 4 |
_aIMPUESTO SOBRE EL PATRIMONIO _946430 |
|
| 650 | 4 |
_aREINO UNIDO _948241 |
|
| 650 | 4 |
_aREFORMA _910750 |
|
| 773 | 0 |
_tHacienda pública española _w34570 _g33, p. 39-47 |
|
| 942 | _2udc | ||
| 942 | _2udc | ||